Hacia una nueva clasificación de las oraciones modales = Towards a new classification of mode sentences (Record no. 69710)

MARC details
000 -CABECERA
campo de control de longitud fija 00571nam a2200193 a 4500
005 - FECHA Y HORA DE LA ÚLTIMA TRANSACCIÓN
campo de control 20210219153145.0
008 - ELEMENTOS DE LONGITUD FIJA--INFORMACIÓN GENERAL
campo de control de longitud fija 991125n 000 0 spa u
035 ## - NÚMERO DE CONTROL DEL SISTEMA
Número de control de sistema UPN01000080896
100 1# - ASIENTO PRINCIPAL--NOMBRE PERSONAL
Nombre de persona Alvarez, Luis
222 ## - TÍTULO CLAVE
Título clave REVISTA DE INVESTIGACION EDUCACIONAL
245 ## - MENCIÓN DE TÍTULO
Título Hacia una nueva clasificación de las oraciones modales = Towards a new classification of mode sentences
300 ## - DESCRIPCIÓN FÍSICA
Extensión 1-13
362 0# - FECHAS DE PUBLICACIÓN Y/O DESIGNACIÓN SECUENCIAL
Fecha de publicación y/o designación secuencial 1978 Vol. 14, no. 30
653 0# - TERMINO DE INDIZACION - NO CONTROLADO
Término no controlado ESPAÑOL (LENGUA)
653 0# - TERMINO DE INDIZACION - NO CONTROLADO
Término no controlado GRAMATICA
653 0# - TERMINO DE INDIZACION - NO CONTROLADO
Término no controlado LINGÜISTICA
904 ## - ELEMENTOS DE DATOS D LOCAL, LDD (RLIN)
a AC
b 018707
905 ## - TIPO DE MATERIAL
Tipo de material Articulo

No items available.